The French experience. 1 / (Record no. 14454)
[ view plain ]
| 000 -LEADER | |
|---|---|
| fixed length control field | 00579nam a22001817a 4500 |
| 003 - CONTROL NUMBER IDENTIFIER | |
| control field | PILC |
| 005 - DATE AND TIME OF LATEST TRANSACTION | |
| control field | 20150820075038.0 |
| 008 - FIXED-LENGTH DATA ELEMENTS--GENERAL INFORMATION | |
| fixed length control field | 130222t xxu||||| |||| 00| 0 eng d |
| 020 ## - INTERNATIONAL STANDARD BOOK NUMBER | |
| International Standard Book Number | 0563367814 |
| 050 ## - LIBRARY OF CONGRESS CALL NUMBER | |
| Classification number | PC 2112 |
| Item number | .B758 1994 |
| 082 ## - DEWEY DECIMAL CLASSIFICATION NUMBER | |
| Classification number | LnSF 448.242 |
| Item number | B65 1994 |
| 100 ## - MAIN ENTRY--PERSONAL NAME | |
| Personal name | Bougard, Marie-Thérèse |
| 9 (RLIN) | 13708 |
| 245 ## - TITLE STATEMENT | |
| Title | The French experience. 1 / |
| Statement of responsibility, etc | Marie-Thérèse Bougard, Danièle Bourdais ; course designer, Anny King |
| 260 ## - PUBLICATION, DISTRIBUTION, ETC. (IMPRINT) | |
| Place of publication, distribution, etc | London : |
| Name of publisher, distributor, etc | BBC, |
| Date of publication, distribution, etc | 1994. |
| 300 ## - PHYSICAL DESCRIPTION | |
| Extent | 288 pages : |
| Other physical details | color illustrations; |
| Dimensions | 25 cm. |
| 500 ## - GENERAL NOTE | |
| General note | Includes glossary. |
| 942 ## - ADDED ENTRY ELEMENTS (KOHA) | |
| Source of classification or shelving scheme | Library of Congress Classification |
| Koha item type | Books |
| Withdrawn status | Lost status | Source of classification or shelving scheme | Damaged status | Home library | Current library | Shelving location | Date acquired | Source of acquisition | Total Checkouts | Full call number | Barcode | Date last seen | Copy number | Price effective from | Koha item type | Public note |
|---|---|---|---|---|---|---|---|---|---|---|---|---|---|---|---|---|
| Withdrawn | Library of Congress Classification | Southville International School Affiliated with Foreign Universities Library | Southville International School Affiliated with Foreign Universities Library | 08/27/2013 | Donation | PC 2112 .B758 2000 | SFU0369 | 05/15/2018 | 1 | 08/27/2013 | Books | Books donated | ||||
| Withdrawn | Library of Congress Classification | Southville International School Affiliated with Foreign Universities Library | Southville International School Affiliated with Foreign Universities Library | 08/27/2013 | Donation | PC 2112 .B758 1999 | SFU0370 | 05/15/2018 | 2 | 08/27/2013 | Books | Books donated | ||||
| Withdrawn | Library of Congress Classification | Southville International School Affiliated with Foreign Universities Library | Southville International School Affiliated with Foreign Universities Library | 08/27/2013 | Donation | PC 2112 .B758 2001 | SFU0371 | 05/15/2018 | 3 | 08/27/2013 | Books | Books donated | ||||
| Withdrawn | Library of Congress Classification | Southville International School Affiliated with Foreign Universities Library | Southville International School Affiliated with Foreign Universities Library | 08/20/2015 | Donation | PC 2112 .B758 2000 | SFU2568 | 05/15/2018 | 08/20/2015 | Books | Books donated |